000 01288nam a2200325 i 4500
003 EG-GICUC
005 20260314094947.0
008 260129s1931 ua |||fr|||| 00| 0 ara d
040 _a EG-GICUC
_bara
_c EG-GICUC
_d EG-GICUC
_erda
041 0 _aAra
082 0 4 _221
_a343
_bج ن . م
092 0 4 _221
099 _aLaw1 10 343 ج ن . م 1931
100 0 _aجندى عبدالملك
_eمؤلف.
245 1 2 _aالموسوعة الجنائية.
_nالجزء الأول،
_pإتجار - اشتراك /
_cتأليف جندى عبدالملك.
264 3 _aالقاهرة :
_bمطبعة دار الكتب المصرية،
_c1931.
264 1 _aبيروت :
_aلبنان :
_bدار المؤلفات القانونية،
300 _a780 صفحة؛
_c24 سم.
_bإيضاحيات، صور، مثيليات ؛
336 _2rda content
_atext
337 _2rda media
_aComputer
338 _2rda carrier
_aOnline Resource
504 _aتشتمل على إرجاعات ببليوجرافية
546 _aالنص باللغة العربية
650 1 _aالعلوم الجنائية
_2qrmak
650 1 _aالقانون الجنائى
_2qrmak
651 1 _2qrmak
856 4 0 _uhttps://fll.law.cu.edu.eg/fulltext/bks/B10-08739.pdf
905 _a54
942 _2ddc
_cBK
_e21
_n0
999 _c60040
_d60040